[Event "Baden-ch U18/20"]
[Site "Schoeneck"]
[Date "2009.01.03"]
[Round "2"]
[White "Heck, Zacharias"]
[Black "Gadzali, Kevin"]
[Result "0-1"]
[WhiteElo "1137"]
[BlackElo "1662"]
[PlyCount "70"]
[EventDate "2009.01.02"]
[EventType "swiss"]
[EventRounds "7"]
[EventCountry "GER"]
[SourceTitle "EXT 2010"]
[Source "ChessBase"]
[SourceDate "2010.11.25"]
[SourceVersion "1"]
[SourceVersionDate "2010.11.25"]
[SourceQuality "1"]

1. d4 Nf6 2. c3 d5 3. Bg5 Bf5 4. Qb3 Nbd7 5. Nd2 Rb8 6. e3 e6 7. Ngf3 Be7 8. c4 c6 9. Be2 dxc4 10. Nxc4 Nd5 11. Nd6+ Kf8 12. Bxe7+ Qxe7 13. Nxf5 exf5 14. 0-0 f4 15. exf4 Qxe2 16. a4 Qe7 17. Rfe1 Qb4 18. Qc2 g6 19. Qe2 Qd6 20. Ne5 f6 21. Qf3 Kg7 22. Nxd7 Qxd7 23. h4 Rhe8 24. h5 Rxe1+ 25. Rxe1 Re8 26. Rxe8 Qxe8 27. Qg3 Qe4 28. f5 Qxf5 29. h6+ Kf7 30. Qb8 Qb1+ 31. Kh2 Qxb2 32. Qd6 Qxf2 33. Qd8 Qf4+ 34. Kh1 Qxh6+ 35. Kg1 Qf8 0-1

[Event "Baden-ch U18/20"]
[Site "Schoeneck"]
[Date "2009.01.03"]
[Round "3"]
[White "Van gen Hassend, Max"]
[Black "Heck, Zacharias"]
[Result "1/2-1/2"]
[WhiteElo "1592"]
[BlackElo "1137"]
[PlyCount "80"]
[EventDate "2009.01.02"]
[EventType "swiss"]
[EventRounds "7"]
[EventCountry "GER"]
[SourceTitle "EXT 2010"]
[Source "ChessBase"]
[SourceDate "2010.11.25"]
[SourceVersion "1"]
[SourceVersionDate "2010.11.25"]
[SourceQuality "1"]

1. e4 c6 2. d4 d5 3. Nc3 dxe4 4. Nxe4 Bf5 5. Ng3 Bg6 6. h4 h6 7. h5 Bh7 8. Nf3 Nf6 9. Bd3 Bxd3 10. Qxd3 e6 11. Bf4 Nd5 12. Ne2 Nxf4 13. Nxf4 Qf6 14. Qe3 Bd6 15. Nd3 Nd7 16. 0-0-0 c5 17. Kb1 cxd4 18. Qxd4 Qxd4 19. Nxd4 0-0 20. g4 Nc5 21. Rhe1 Rfd8 22. Re2 Kf8 23. f3 Be7 24. Nxc5 Bxc5 25. Red2 Ke7 26. c3 Rd6 27. b4 Bxd4 28. Rxd4 Rad8 29. Rxd6 Rxd6 30. Kc2 Rxd1 31. Kxd1 b5 32. Ke2 Kd6 33. Kd3 Kd5 34. f4 f6 35. a4 a6 36. axb5 axb5 37. c4+ bxc4+ 38. Kc3 e5 39. fxe5 fxe5 40. b5 e4 1/2-1/2